000 00653nam a2200229Ia 4500
003 OSt
005 20220928124037.0
006 a|||||r|||| 00| 0
007 ta
008 220927b |||||||| |||| 00| 0 eng d
024 _a50576
037 _cTextual
040 _aSDCL
_cSDCL
_beng
041 _2eng
_aeng
082 _aV41y7M93, L9
100 _aStarr John Bryan
_9463191
245 0 _aContinuing the revolution
_b The political thought of Mao
260 _aNew Jersey
_bPrinceton University Press
_c1979
300 _axv,366p
_ccm.
942 _hV41y7M93, L9
_cTEXL
_2CC
999 _c776127
_d776127